[Event "AUTO-ADV-1020"]
[Site "http://www.queenalice.com/game.php?id=455587"]
[Date "2008.8.29"]
[Round "1"]
[White "grandmaster1993"]
[Black "Sherlock6834"]
[Result "0-1"]
[WhiteElo "1622"]
[BlackElo "2047"]

1. e4 c5 2. Nf3 d6 3. d4 cxd4 4. Nxd4 Nf6 5. Bd3 e5 6. Nf3 Nc6 7. Nc3 Bg4 8. O-O
Nd4 9. Be2 Nxe2+ 10. Qxe2 Qb6 11. Na4 Qb4 12. b3 Qxe4 13. Qb5+ Bd7 14. Qd3 Bxa4
15. Qxe4 Nxe4 16. bxa4 Be7 17. Re1 f5 18. Nd2 Nc5 19. a5 Kf7 20. Nf3 h6 21. Ba3
b6 22. axb6 axb6 23. Bxc5 bxc5 24. a4 Ra5 25. Reb1 Rha8 26. Rb7 Rxa4 27. Rxa4
Rxa4 28. h3 Ke6 29. Kh2 e4 30. Ne1 Ra1 31. g4 Rxe1 32. gxf5+ Kf6 33. Kg3 Rc1 34.
Rb2 Kxf5 35. h4 Bf6 36. Rb6 Be5+ 37. Kg2 Rxc2 0-1

[Event "AUTO-ADV-1020"]
[Site "http://www.queenalice.com/game.php?id=455596"]
[Date "2008.8.29"]
[Round "1"]
[White "salso"]
[Black "grandmaster1993"]
[Result "1-0"]
[WhiteElo "1854"]
[BlackElo "1464"]

1. e4 c5 2. Nc3 Nc6 3. Nf3 d6 4. d4 cxd4 5. Nxd4 Nf6 6. Bb5 Bd7 7. O-O e5 8.
Bxc6 Bxc6 9. Nxc6 bxc6 10. Bg5 Be7 11. Qd3 O-O 12. Rad1 h6 13. Bxf6 Bxf6 14.
Qxd6 Qxd6 15. Rxd6 Rab8 16. Na4 Rfd8 17. Rfd1 g6 18. b3 Be7 19. Rxd8+ Rxd8 20.
Rxd8+ Bxd8 21. Nc5 Bb6 22. Nd3 Bd4 23. Kf1 f5 24. f3 f4 25. Ke2 Kf7 26. Nb4 c5
27. Nc6 Ke6 28. Nxd4+ exd4 29. Kd3 g5 30. Kc4 Kd6 31. e5+ Kxe5 32. Kxc5 g4 33.
b4 1-0

[Event "AUTO-ADV-1020"]
[Site "http://www.queenalice.com/game.php?id=455597"]
[Date "2008.8.29"]
[Round "1"]
[White "grandmaster1993"]
[Black "salso"]
[Result "0-1"]
[WhiteElo "1462"]
[BlackElo "1856"]

1. e4 e6 2. d4 d5 3. e5 c5 4. c3 Nc6 5. Bb5 cxd4 6. cxd4 Qa5+ 7. Nc3 Bb4 8.
Bxc6+ bxc6 9. Bd2 Ba6 10. Nf3 Nh6 11. a3 Nf5 12. axb4 Qb6 13. Qa4 Bb5 14. Nxb5
cxb5 15. Qa5 Qxa5 16. bxa5 a6 17. O-O Kd7 18. Ng5 Nxd4 19. Nxf7 Rhf8 20. Ng5 h6
21. Nh3 g5 22. Rfd1 Nb3 23. Ra3 Nxd2 24. Rxd2 Rac8 25. f3 Rc4 26. Rc3 Rxc3 27.
bxc3 Rf5 28. Re2 Kc6 29. g4 Rxf3 30. Nf2 Rxc3 31. Kg2 Ra3 32. Rc2+ Kd7 33. Rd2
Rxa5 0-1

[Event "AUTO-INT-1019"]
[Site "http://www.queenalice.com/game.php?id=455766"]
[Date "2008.8.30"]
[Round "1"]
[White "GeorgeAlexander"]
[Black "grandmaster1993"]
[Result "1-0"]
[WhiteElo "1473"]
[BlackElo "1586"]

1. e4 c5 2. Nh3 d6 3. Bb5+ Nc6 4. d3 Bd7 5. O-O Nf6 6. Nc3 e5 7. f3 Be7 8. Nd5
Nxd5 9. exd5 Nd4 10. Bxd7+ Qxd7 11. c3 Nb5 12. f4 O-O 13. a4 Nc7 14. Qb3 exf4
15. Bxf4 h6 16. Qxb7 Rfb8 17. Qc6 Qxc6 18. dxc6 Rxb2 19. Rae1 Bf6 20. Bxd6 Bxc3
21. Rc1 Bd4+ 22. Nf2 Bxf2+ 23. Rxf2 Rxf2 24. Kxf2 Ne8 25. Bxc5 Rc8 26. Bxa7 Nf6
27. c7 Nd5 28. Bb8 Nb4 29. d4 Nd3+ 30. Kf1 Nxc1 31. d5 Kf8 32. a5 Nb3 33. a6 1-0

[Event "AUTO-INT-1019"]
[Site "http://www.queenalice.com/game.php?id=455767"]
[Date "2008.8.30"]
[Round "1"]
[White "grandmaster1993"]
[Black "GeorgeAlexander"]
[Result "1-0"]
[WhiteElo "1613"]
[BlackElo "1367"]

1. e4 e5 2. Nf3 Nf6 3. Nxe5 Nxe4 4. Qe2 d5 5. d3 Bd6 6. dxe4 Bxe5 7. exd5 Qxd5
8. f4 Qa5+ 9. Bd2 Qc5 10. b4 Qxc2 11. Qxe5+ Be6 12. Qxg7 Rf8 13. Be2 Bd5 14. f5
Bxg2 15. Bh6 Nd7 16. Qxg2 Qc1+ 17. Kf2 Qxh6 18. Re1 Qb6+ 19. Kf1 Qxb4 20. Qg5 f6
21. Qg7 Qf4+ 22. Kg2 Kd8 23. Rd1 Qxf5 24. Bg4 Rf7 25. Rxd7+ Rxd7 26. Qf8# 1-0

[Event "AUTO-INT-1019"]
[Site "http://www.queenalice.com/game.php?id=455782"]
[Date "2008.8.30"]
[Round "1"]
[White "LeoDZeppelin"]
[Black "grandmaster1993"]
[Result "0-1"]
[WhiteElo "1657"]
[BlackElo "1604"]

1. e4 c5 2. Bc4 Nc6 3. d3 d6 4. Qf3 Nf6 5. Bg5 Nd4 6. Qd1 e6 7. Nf3 Nxf3+ 8.
Qxf3 Be7 9. Nc3 O-O 10. Ne2 h6 11. Bh4 d5 12. Bxf6 Bxf6 13. Bb3 Bxb2 14. Rb1
Qa5+ 15. Kd1 dxe4 16. Qxe4 Bc3 17. Ng3 Bf6 18. Nh5 Bg5 19. f4 Be7 20. g4 e5 21.
f5 Bg5 22. Rf1 Qd2# 0-1

[Event "AUTO-INT-1019"]
[Site "http://www.queenalice.com/game.php?id=455783"]
[Date "2008.8.30"]
[Round "1"]
[White "grandmaster1993"]
[Black "LeoDZeppelin"]
[Result "0-1"]
[WhiteElo "1522"]
[BlackElo "1607"]

1. e4 e5 2. Nf3 Nf6 3. Nxe5 Nxe4 4. Qe2 d5 5. d3 Qe7 6. dxe4 Qxe5 7. exd5 Bd6 8.
Nc3 Na6 9. Nb5 Nb4 10. Nxd6+ cxd6 11. Qxe5+ dxe5 12. Bd3 Nxd5 13. O-O O-O 14.
Re1 Re8 15. Bc4 Nb4 16. Bb3 Be6 17. Bd2 Bxb3 18. Bxb4 Bxc2 19. Rac1 Rac8 20. Re2
Bd3 21. Rxc8 Rxc8 22. Rxe5 Rc1+ 23. Be1 g6 24. h3 f6 25. Re7 b5 0-1